Central Library OPAC University of Rajshahi

Current Profile of Antibiotic Resistance in Uropathogenic Bacteria and Preventive Strategy of Catheter Associated Urinary Trat Infection / (Record no. 84371)

MARC details
000 -LEADER
fixed length control field 00996nam a2200241 a 4500
001 - CONTROL NUMBER
RUCL Control Number 84371
003 - CONTROL NUMBER IDENTIFIER
rucl marc code BD-RjUL
005 - DATE AND TIME OF LATEST TRANSACTION
control field 20241126105158.0
008 - FIXED-LENGTH DATA ELEMENTS--GENERAL INFORMATION
fixed length control field 241126s2023 bg a|||| m||| 00| 0 eng d
035 ## - SYSTEM CONTROL NUMBER
system control number (BD-RjUL)84371
040 ## - CATALOGING SOURCE
Original cataloging agency BD-RjUL
Language of cataloging eng
Transcribing agency BD-RjUL
Modifying agency BD-RjUL
041 ## - LANGUAGE CODE
Language code of Book eng
082 ## - DEWEY DECIMAL CLASSIFICATION NUMBER
Classification number 579.26
DDC Edition number 23
Author mark and Year SAC 2023
100 ## - MAIN ENTRY--PERSONAL NAME
Personal name Saha, Monika Rani
9 (RLIN) 14435
245 10 - TITLE STATEMENT
Title Current Profile of Antibiotic Resistance in Uropathogenic Bacteria and Preventive Strategy of Catheter Associated Urinary Trat Infection /
Statement of responsibility, etc By Monika Rani Saha ;
Name of Supervisor/Co-Supervisor Supervisor : Md. Aktar Uzzaman Chouduri
260 ## - PUBLICATION, DISTRIBUTION, ETC. (IMPRINT)
Place of publication, distribution, etc Rajshahi :
Name of publisher, distributor, etc Institute of Biological Sciences, University of Rajshahi,
Date of publication, distribution, etc 2023
300 ## - PHYSICAL DESCRIPTION
Pagination vii, 91 Leaves :
Other physical details ill, ;
Dimensions 29 cm.
502 ## - DISSERTATION NOTE
Dissertation note Thesis (Ph. D.) -- Institute of Biological Sciences, University of Rajshahi, 2023
504 ## - BIBLIOGRAPHY, ETC. NOTE
Bibliography, etc Reference : Leaves 78-91
650 ## - SUBJECT ADDED ENTRY--TOPICAL TERM
Topical term or geographic name as entry element Antibiotic Resistance
Form subdivision Bacteria
9 (RLIN) 14436
700 ## - ADDED ENTRY--SUPERVISOR/CO-SUPERVISOR NAME
Personal name Chouduri, Md. Aktar Uzzaman, Supervisor
9 (RLIN) 14437
942 ## - ADDED ENTRY ELEMENTS (KOHA)
Source of classification or shelving scheme Dewey Decimal Classification
Koha item type Theses
Holdings
Source of classification or shelving scheme Damaged status Not for loan Collection code Permanent Location Current Location Shelving location Date of accession Source of acquisition Full call number Barcode Date last seen Copy number Thesis
Dewey Decimal Classification   Not For Loan Theses Central Library, University of Rajshahi Central Library, University of Rajshahi Documentation Section 20/11/2024 Controller of Exam. R.U. THE 579.26 SAC 2023 D5043 26/11/2024 C-I Theses